LEADER 02155nam0 2200457 i 450 001 RAV0106141 005 20251003044324.0 010 $a8835933765 100 $a19900718d1990 ||||0itac50 ba 101 | $aita 102 $ait 181 1$6z01$ai $bxxxe 182 1$6z01$an 200 1 $aPiero Sraffa$ebiografia$fJean-Pierre Potier$gprefazione di Antonio A. Santucci 210 $aRoma$cEditori riuniti$d1990 215 $aXII, 157 p.$d22 cm 225 | $aˆGli ‰studi$i. Filosofia e scienze umane 300 $aTrad. di Antonio A. Santucci 300 $aSegue: Appendice. 410 0$1001RAV0106332$12001 $aˆGli ‰studi$i. Filosofia e scienze umane 500 10$aˆUn ‰économiste non conformiste : Piero Sraffa (1898-1983)$eessai biographique. -$3RAV0106335$9RAVV017860$91479258 606 $aSRAFFA, PIERO$xBIOGRAFIA$2FIR$3MILC039070$9I 676 $a330.092$9Scienze economiche. Persone.$v20 676 $a330.092$9$v21 676 $a330.0924$9$v19 676 $a330.0924$9SCIENZE ECONOMICHE. PERSONE ASSOCIATE CON IL SOGGETTO. SINGOLI$v20 676 $a330.15$9$v12 686 $aIT/X627.9$cCULTURA ANTIFASCISTA ITALIA FASCISTA 1918-1943$2R 686 $aX0.1/GRAMSCI,ANTONIO$cBIOGRAFIE E SCRITTI SU ANTONIO GRAMSCI$2R 686 $aX0.1/SRAFFA,PIERO$cBIOGRAFIE E SCRITTI SU PIERO SRAFFA$2R 700 1$aPotier$b, Jean Pierre$3RAVV017860$4070$0121925 702 1$aSantucci$b, Antonio A.$3CFIV008361 790 1$aSantucci$b, Antonio$3CFIV273576$zSantucci, Antonio A. 801 3$aIT$bIT-000000$c19900718 850 $aIT-BN0095 901 $bNAP 01$cPOZZO LIB.$nVi sono collocati fondi di economia, periodici di ingegneria e scienze, periodici di economia e statistica e altri fondi comprendenti documenti di economia pervenuti in dono. 912 $aRAV0106141 950 0$aBiblioteca Centralizzata di Ateneo$c1 v.$d 01POZZO LIB.ECON MON 9871$e 0101 0000091415E VMA 1 v. (precedente collocazione: GUERRAZZI B 564)$fB $h20071116$i20071116 977 $a 01 996 $aÉconomiste non conformiste : Piero Sraffa (1898-1983)$91479258 997 $aUNISANNIO